000
00451nam a2200145Ia 4500
008
100122s9999 xx 000 0 und d
082
_b
71196
_a
960
100
_a
जोगळेकर जयंत
245
_a
आफ्रिकन सफारी
260
_b
साकेत प्रकाशन
_c
2006
300
_a
136
630
_a
आफ्रिकन सफारी
730
_a
आफ्रिकन सफारी
942
_c
BOOK
999
_c
441859
_d
441856